Southernmost Cities Map Quiz - Statistics

General Stats
  • This quiz has been taken 108 times
  • The average score is 20 of 30
Answers on the Map
Answers color-coded by a green-red scale on the quiz's map according to % correct below.
 
Answer Stats
Latitude Population ('000) City % Correct
-33.93 3 736 Cape Town
99%
-37.81 4 316 Melbourne
98%
-33.46 6 582 Santiago
98%
-33.87 4 580 Sydney
98%
-34.61 15 482 Buenos Aires
96%
-26.20 9 823 Johannesburg
96%
-31.95 1 931 Perth
94%
-22.90 13 063 Rio de Janeiro
94%
-23.55 21 519 São Paulo
94%
-25.74 2 189 Pretoria
93%
-27.47 2 275 Brisbane
92%
-34.83 1 726 Montevideo
90%
-34.93 1 276 Adelaide
84%
-36.87 1 377 Auckland
84%
-25.30 2 456 Asunción
83%
-29.86 2 929 Durban
83%
-33.92 1 194 Port Elizabeth
78%
-25.97 1 223 Maputo
66%
-31.41 1 528 Córdoba
63%
-30.03 3 642 Pôrto Alegre
58%
-32.95 1 409 Rosario
57%
-25.43 3 598 Curitiba
52%
-32.89 1 030 Mendoza
43%
-22.91 3 134 Campinas
29%
-23.96 1 564 Santos
28%
-27.60 1 243 Florianópolis
19%
-20.31 1 674 Vitória
12%
-26.30 1 255 Joinville
6%
-25.96 1 018 Matola
6%
-26.67 1 173 Vereeniging
6%
No matching quizzes found
Score Distribution
Percent of People with Each Score
Percentile by Number Answered
Your Score History
You have not taken this quiz